Guess All Countries by Leader (Yellow Box) - Statistics

General Stats
  • This quiz has been taken 93 times
  • The average score is 38 of 197
Answers on the Map
Answers color-coded by a green-red scale on the quiz's map according to % correct below.
 
Answer Stats
Leader Country % Correct
Donald Trump United States
82%
Kim Jong Un North Korea
80%
Vladimir Putin Russia
79%
Emmanuel Macron France
77%
Narendra Modi India
77%
Xi Jinping China
70%
Benjamin Netanyahu Israel
70%
Recep Tayyip Erdoğan Turkey
66%
Pope Leo XIV Vatican City
66%
Friedrich Merz Germany
64%
Mark Carney Canada
61%
Viktor Orban Hungary
57%
Volodymyr Zelenskyy Ukraine
57%
Giorgia Meloni Italy
56%
Aleksandr Lukashenko Belarus
52%
Luiz Inácio Lula da Silva Brazil
52%
Keir Starmer United Kingdom
52%
Mswati III Eswatini
43%
Shigeru Ishiba Japan
41%
Mohammed Bin Salman Saudi Arabia
41%
Lai Ching Te Taiwan
41%
Nicolás Maduro Venezuela
41%
Javier Milei Argentina
39%
Kyriakos Mitsotakis Greece
39%
Dick Schoof Netherlands
39%
Tô Lâm Vietnam
39%
Lee Jae Myung South Korea
38%
Anthony Albanese Australia
36%
Ali Khamenei Iran
36%
Donald Tusk Poland
36%
Ulf Kristersson Sweden
36%
Abdel Fattah el-Sisi Egypt
34%
Hans-Adam II Liechtenstein
34%
Albert II Monaco
34%
Mahmoud Abbas Palestine
34%
João Lourenço Angola
33%
Mette Frederiksen Denmark
33%
Claudia Sheinbaum Mexico
33%
Hamad bin Isa Al Khalifa Bahrain
31%
Nayib Bukele El Salvador
31%
Kassym-Jomart Tokayev Kazakhstan
31%
Nikos Christodoulides Cyprus
30%
Ilham Aliyev Azerbaijan
28%
Abdullah II Jordan
28%
Mishal Al-Ahmad Al-Jaber Al-Sabah Kuwait
28%
Mohammed VI Morocco
28%
Daniel Ortega Nicaragua
28%
Jonas Gahr Støre Norway
28%
Mohamed bin Zayed Al Nahyan United Arab Emirates
28%
Christian Stocker Austria
26%
Andrej Plenkovic Croatia
26%
Bernardo Arévalo Guatemala
26%
Min Aung Hlaing Myanmar
26%
Bongbong Marcos Philippines
26%
Paul Kagame Rwanda
26%
Pedro Sánchez Spain
26%
Hristijan Mickoski North Macedonia
25%
Alexander De Croo Belgium
23%
Kristrún Frostadóttir Iceland
23%
Milojko Spajić Montenegro
23%
Tamim bin Hamad Al Thani Qatar
23%
Duro Macut Serbia
23%
Lawrence Wong Singapore
23%
Luis Arce Bolivia
21%
Željko Komšić Bosnia and Herzegovina
21%
Miguel Díaz-Canel Cuba
21%
Paul Biya Cameroon
20%
Abiy Ahmed Ethiopia
20%
Petteri Orpo Finland
18%
Irakli Kobakhidze Georgia
18%
Xiomara Castro Honduras
18%
Sadyr Japarov Kyrgyzstan
18%
Cyril Ramaphosa South Africa
18%
Anutin Charnvirakul Thailand
18%
Shavkat Mirziyoyev Uzbekistan
18%
Abdelmadjid Tebboune Algeria
16%
Nikol Pashinyan Armenia
16%
Hassanal Bolkiah Brunei
16%
Ibrahim Traoré Burkina Faso
16%
Teodoro Obiang Nguema Mbasogo Equatorial Guinea
16%
Prabowo Subianto Indonesia
16%
Inga Ruginienė Lithuania
16%
Fiamē Naomi Mataʻafa Samoa
16%
Rosen Zhelyazkov Bulgaria
15%
Gabriel Boric Chile
15%
Gustavo Petro Colombia
15%
Rodrigo Chaves Robles Costa Rica
15%
Santiago Peña Paraguay
15%
Luís Montenegro Portugal
15%
Denise Bronzetti | Italio Righi San Marino
15%
Robert Fico Slovakia
15%
Ahmed al-Sharaa Syria
15%
Serdar Berdimuhamedow Turkmenistan
15%
Muhammad Yunus Bangladesh
13%
Tshering Tobgay Bhutan
13%
Petr Fiala Czech Republic
13%
Isais Afwerki Eritrea
13%
Micheál Martin Ireland
13%
Evika Siliņa Latvia
13%
Haitham bin Tariq Oman
13%
Abdel Fattah al-Burhan Sudan
13%
Karin Keller-Sutter Switzerland
13%
Yoweri Museveni Uganda
13%
Mia Mottley Barbados
11%
Johnny Briceño Belize
11%
Hun Manet Cambodia
11%
Ulisses Correia e Silva Cape Verde
11%
Mahamat Déby Chad
11%
Andry Rajoelina Madagascar
11%
Anwar Ibrahim Malaysia
11%
Shehbaz Sharif Pakistan
11%
José Raúl Mulino Panama
11%
Denis Sassou Nguesso Republic of the Congo
11%
Ilie Bolojan Romania
11%
Salva Kiir Mayardit South Sudan
11%
Emomali Rahmon Tajikistan
11%
Hibatullah Akhundzada Afghanistan
10%
Xanana Gusmão East Timor
10%
Kristen Michal Estonia
10%
Adama Barrow Gambia
10%
Laurent Saint-Cyr Haiti
10%
Mohammed Shia' Al Sudani Iraq
10%
Luc Frieden Luxembourg
10%
Christopher Luxon New Zealand
10%
Faure Gnassingbé Togo
10%
Kaïs Saïed Tunisia
10%
Rashad al-Alimi Yemen
10%
Emmerson Mnangagwa Zimbabwe
10%
Edi Rama Albania
8%
Gaston Browne Antigua and Barbuda
8%
Ismaïl Omar Guellé Djibouti
8%
Luis Abinader Dominican Republic
8%
Daniel Noboa Ecuador
8%
Brice Oligui Nguema Gabon
8%
Irfaan Ali Guyana
8%
Alassane Ouattara Ivory Coast
8%
Andrew Holness Jamaica
8%
Thongloun Sisoulith Laos
8%
Abdul Hamid Dbeibeh Libya
8%
Gombojavyn Zandanshatar Mongolia
8%
Dina Boluarte Peru
8%
Terrance Drew Saint Kitts and Nevis
8%
Hamza Abdi Barre Somalia
8%
Yamandú Orsi Uruguay
8%
Xavier Espot Zamora Andorra
7%
Évariste Ndayishimiye Burundi
7%
Félix Tshisekedi D.R.C.
7%
Umaro Sissoco Embaló Guinea-Bissau
7%
Albin Kurti Kosovo
7%
Nawaf Salam Lebanon
7%
Mohamed Muizzu Maldives
7%
Mohammed Ould Ghazouani Mauritania
7%
Robert Golob Slovenia
7%
Kamla Persad-Bissessar Trinidad and Tobago
7%
Feleti Teo Tuvalu
7%
Philip Davis Bahamas
5%
Patrice Talon Benin
5%
Faustin-Archange Touadéra Central African Republic
5%
Azali Assoumani Comoros
5%
Dickon Mitchell Grenada
5%
Mamady Doumbouya Guinea
5%
Lazarus Chakwera Malawi
5%
Assimi Goïta Mali
5%
Hilda Heine Marshall Islands
5%
Navin Ramgoolam Mauritius
5%
Dorin Recean Moldova
5%
Ram Chandra Poudel Nepal
5%
Abdourahamane Tchiani Niger
5%
Bola Tinubu Nigeria
5%
Surangel Whipps Jr. Palau
5%
Bassirou Diomaye Faye Senegal
5%
Wavel Ramkalawan Seychelles
5%
Julius Maada Bio Sierra Leone
5%
Anura Kumara Dissanayake Sri Lanka
5%
Samia Suluhu Hassan Tanzania
5%
Duma Boko Botswana
3%
Roosevelt Skerrit Dominica
3%
Sitiveni Rabuka Fiji
3%
John Mahama Ghana
3%
William Ruto Kenya
3%
Joseph Boakai Liberia
3%
Netumbo Nandi-Ndaitwah Namibia
3%
Philip J. Pierre Saint Lucia
3%
Américo Ramos São Tomé and Príncipe
3%
'Aisake Eke Tonga
3%
Hakainde Hichilema Zambia
3%
Taneti Maamau Kiribati
2%
Sam Matekane Lesotho
2%
Robert Abela Malta
2%
David Adeang Nauru
2%
Ralph Gonsalves Saint Vincent and the Grenadines
2%
Jeremiah Manele Solomon Islands
2%
Jennifer Geerlings-Simons Suriname
2%
Jotham Napat Vanuatu
2%
Wesley Simina Micronesia
0%
Daniel Chapo Mozambique
0%
James Marape Papua New Guinea
0%
No matching quizzes found
Score Distribution
Percent of People with Each Score
Percentile by Number Answered
Your Score History
You have not taken this quiz